Дело об утверждении в должности ординарного профессора медицины Дерптского университета бывшего преподавателя Повивального инсти...

Доступно только в Электронных читальных залах Найти на картеНа карте
RUSMARC
00004239nmc2a2200000 x 450
0017eb8af24-a5ad-406a-92b4-85decc9165cf
00520170414175138.0
100##$a20140609l18501850k l0rusy0189 ca
1010#$arus
102##$aRU
2001#$aДело об утверждении в должности ординарного профессора медицины Дерптского университета бывшего преподавателя Повивального института в Данциге А. Краузе
$j16 июля - 7 декабря 1850 г.
251##$cДело
300##$aДело
300##$aОриг. заголовок дела: Дело об определении иностранного доктора А. Краузе ординарным профессором в Дерптский университет. 16 июля 1850 г. - 7 декабря 1850 г
801#0$aRU
$bРГИА
$c20140609
$gRCR
801#1$aRU
$bГлавНИВЦ
$c20140609
$2rusmarc
801#2$aRU
$bПБ им. Б.Н. Ельцина
$c20170414
$gRCR
$2rusmarc
850##$aРГИА
852##$aРГИА
$eФедеральное казенное учреждение "Российский государственный исторический архив" (РГИА)
$j350
937##$hРГИА
$d11175261
$aASBIBLIO_SCAN
462#0$1001fe4edb2a-8658-4269-9710-afcb460e1db3
$12001
$aДела Департамента народного просвещения по Дерптскому учебному округу за 1837-1862 гг.
$1251
$cОпись
$1852
$j57
461#0$1001a74412a3-3cc5-4d21-8f0a-dfe2fbd9e72d
$12001
$aДепартамент народного просвещения Министерства народного просвещения (1803-1917)
$1251
$cФонд
$1852
$j733
215##$a24 л.
$d36,5х26 см
371##$aДокумент не является опубликованным и широко распространяемым
105##$ay###
1222#$ad
5171#$aДело об определении иностранного доктора А. Краузе ординарным профессором в Дерптский университет. 16 июля 1850 г. - 7 декабря 1850 г.
035##$a7eb8af24-a5ad-406a-92b4-85decc9165cf
856##$uhttp://readingroom.main.prlib.ru/item.aspx?id_node=n96995151&mode=full
Формат отображения